00280nam a2200097Ia 4500008004100000082001200041100003500053245007100088260000900159300001400168190415s9999 xx 000 0 und d aRE.000; aIndia. Ministry of Education a 0aEducation in Universities in India 1968-69 : A statistical survey. c1981 aiii,396p.